00868nam a2200229 a 450000100060000000300080000600500170001400800410003103500190007204000350009104100130012608200250013910000280016424500920019226000550028430000750033950000350041450000450044965100460049465100490054065100490058936282BD-RjUL20211209052450.0140619s1964 gw abcf 000 0 eng  a(BD-RjUL)36379 aLCbengcLCdNMQUdLCdBD-RjUL1 aenghger00a327.430438bWIO 19641 aWilpert, Friedrich von.14aThe Oder-Neisse problem :btowards fair play in Central Europe.cFriedrich von Wilpert. aBonn ;aNew York :bEdition Atlantic-Forum,c1964. a163 p., [12] p. of plates :bill., col. maps (fold.), ports. ;c24 cm. aAuthor: Friedrich von Wilpert. aTranslation of: Das Oder-Neisse-Problem. 0aWestern and Northern Territories (Poland) 0aGermanyxForeign relationszEurope, Eastern. 0aEurope, EasternxForeign relationszGermany.